000
00447nam a2200181Ia 4500
008
090124s9999 xx 000 0 und d
082
_b
129489
100
_a
बापट मुकुंद
245
_a
जीवन
250
_a
1
260
_c
1999
300
_a
190
600
_a
बापट मुकुंद
630
_a
जीवन
700
_a
बापट मुकुंद
730
_a
जीवन
942
_c
BOOK
999
_c
175578
_d
175578